00467nam a22001577a 450000500170000001000130001702000230003003500130005303700420006608200100010810000170011824500770013526000590021230000220027170000160029320190508170347.0 aB-047059 a8186880151c250.00 aB-047059 bAravali Books International Pvt. Ltd. a613.2 aTekhre, Y.L. aNutrition in community health management /cY.L. Tekhre {and} S.P. Singh aNew DelhibAravali Books International Pvt. Ltd.c2002 a185p.c21p. (pbk) aSingh, S.P.